<?xml version="1.0" encoding="UTF-8"?><?xml-stylesheet type="text/xsl" href="static/style.xsl"?><OAI-PMH xmlns="http://www.openarchives.org/OAI/2.0/" xmlns:xsi="http://www.w3.org/2001/XMLSchema-instance" xsi:schemaLocation="http://www.openarchives.org/OAI/2.0/ http://www.openarchives.org/OAI/2.0/OAI-PMH.xsd"><responseDate>2026-04-17T07:48:29Z</responseDate><request verb="GetRecord" identifier="oai:www.recercat.cat:2072/450490" metadataPrefix="marc">https://recercat.cat/oai/request</request><GetRecord><record><header><identifier>oai:recercat.cat:2072/450490</identifier><datestamp>2025-11-06T12:13:06Z</datestamp><setSpec>com_2072_220028</setSpec><setSpec>com_2072_4427</setSpec><setSpec>col_2072_220407</setSpec></header><metadata><record xmlns="http://www.loc.gov/MARC21/slim" xmlns:dcterms="http://purl.org/dc/terms/" xmlns:xsi="http://www.w3.org/2001/XMLSchema-instance" xmlns:doc="http://www.lyncode.com/xoai" xsi:schemaLocation="http://www.loc.gov/MARC21/slim http://www.loc.gov/standards/marcxml/schema/MARC21slim.xsd">
   <leader>00925njm 22002777a 4500</leader>
   <datafield ind2=" " ind1=" " tag="042">
      <subfield code="a">dc</subfield>
   </datafield>
   <datafield ind2=" " ind1=" " tag="720">
      <subfield code="a">Soler i Nicolau, Antònia</subfield>
      <subfield code="e">author</subfield>
   </datafield>
   <datafield ind2=" " ind1=" " tag="720">
      <subfield code="a">Font Jaume, Alexandre</subfield>
      <subfield code="e">author</subfield>
   </datafield>
   <datafield ind2=" " ind1=" " tag="720">
      <subfield code="a">Berni Millet, Piero</subfield>
      <subfield code="e">author</subfield>
   </datafield>
   <datafield ind2=" " ind1=" " tag="720">
      <subfield code="a">García Riaza, Enrique</subfield>
      <subfield code="e">author</subfield>
   </datafield>
   <datafield ind2=" " ind1=" " tag="720">
      <subfield code="a">Bernal Casasola, Darío</subfield>
      <subfield code="e">author</subfield>
   </datafield>
   <datafield ind2=" " ind1=" " tag="720">
      <subfield code="a">Cau Ontiveros, Miguel Ángel</subfield>
      <subfield code="e">author</subfield>
   </datafield>
   <datafield ind2=" " ind1=" " tag="720">
      <subfield code="a">Cardell Perelló, Jaume</subfield>
      <subfield code="e">author</subfield>
   </datafield>
   <datafield ind2=" " ind1=" " tag="720">
      <subfield code="a">Munar Llabrés, Sebastià</subfield>
      <subfield code="e">author</subfield>
   </datafield>
   <datafield ind2=" " ind1=" " tag="260">
      <subfield code="c">2021-06-30</subfield>
   </datafield>
   <datafield ind2=" " ind1=" " tag="520">
      <subfield code="a">En verano de 2019 fue descubierto en Ses Fontanelles (suroeste de Mallorca) un pecio romano con un cargamento de ánforas. Una excavación de urgencia ha sacado a la luz aproximadamente un tercio de los materiales, que están siendo estudiados. Este artículo se centra en las inscripciones (tituli picti) que presentan las ánforas (mayoritariamente Almagro 51C), un hallazgo excepcional dado su elevado número, además de por el tipo de escritura. Analizamos y relacionamos la paleografía con otros rótulos anfóricos en particular y documentos epigráficos en general; asimismo asociamos los tituli con el contenido de los envases a nivel arqueológico y aproximamos un estudio prosopográfico de los antropónimos que aparecen en dichos tituli. Finalmente, ponemos en relación los datos del cargamento con los de otros pecios imperiales. Al ser cuantitativamente el corpus de epigrafía anfórica pintada más importante de Hispania, el pecio se revela como una pieza clave para poder comprender con mayor nitidez la historia socioeconómica del siglo iv d. C.</subfield>
   </datafield>
   <datafield ind2=" " ind1=" " tag="520">
      <subfield code="a">In the summer of 2019, a Roman shipwreck with an amphorae cargo was discovered in Ses Fontanelles (SW of Mallorca). A rescue excavation has uncovered approximately a third of the materials, which are being studied. This paper focuses on the inscriptions (tituli picti) on the amphorae (mostly Almagro 51C), an exceptional find, given their high number as well as the type of writing. We analyze and relate paleography with other amphorae painted inscriptions in particular and epigraphical documents in general; we also relate the tituli with the con-tent of the containers in their archaeological context and we approximate a prosopographical study of the an-throponyms that appear in the tituli. Finally, we link the cargo data with those of other imperial shipwrecks. Being quantitatively the most important corpus of painted amphoric epigraphy in Hispania, the wreck is revealed as a key piece to understand more clearly the socioeconomic history of the 4th century AD.</subfield>
   </datafield>
   <datafield ind1="8" ind2=" " tag="024">
      <subfield code="a">0211-1608</subfield>
   </datafield>
   <datafield ind1="8" ind2=" " tag="024">
      <subfield code="a">http://hdl.handle.net/2072/450490</subfield>
   </datafield>
   <datafield ind1="8" ind2=" " tag="024">
      <subfield code="a">https://doi.org/10.15366/cupauam2021.47.1.010</subfield>
   </datafield>
   <datafield ind2="0" ind1="0" tag="245">
      <subfield code="a">El singular conjunto de tituli picti del pecio de Ses Fontanelles (Mallorca, islas Baleares) y su contribución a la epigrafía anfórica tardorromana hispánica</subfield>
   </datafield>
</record></metadata></record></GetRecord></OAI-PMH>